[Event "26.Schlosspark-Open"]
[Site "Wiesbaden-Biebrich"]
[Date "2014.08.31"]
[Round "6.1"]
[White "Poetsch, Hagen"]
[Black "Khenkin, Igor"]
[Result "1/2-1/2"]
[WhiteElo "2494"]
[BlackElo "2574"]
[PlyCount "28"]
[EventDate "2014.??.??"]
[WhiteTeam "SF Schöneck"]
[BlackTeam "SG Porz e.V."]

1. e4 c6 2. d4 d5 3. e5 Bf5 4. Nf3 e6 5. Be2 Nd7 6. O-O Bg6 7. Nbd2 Nh6 8. Nb3
Nf5 9. a4 Rc8 10. a5 h6 11. h3 a6 12. c4 dxc4 13. Bxc4 Bb4 14. Bd2 Bxd2 1/2-1/2

[Event "26.Schlosspark-Open"]
[Site "Wiesbaden-Biebrich"]
[Date "2014.08.31"]
[Round "6.2"]
[White "Cofman, Veaceslav"]
[Black "Carlstedt, Jonathan"]
[Result "0-1"]
[WhiteElo "2094"]
[BlackElo "2437"]
[PlyCount "96"]
[EventDate "2014.??.??"]
[WhiteTeam "Karlsruher SF 1853"]
[BlackTeam "Hamburger SK von 1830 eV"]

1. d4 Nf6 2. c4 d6 3. Nc3 Nbd7 4. Nf3 e5 5. e4 Be7 6. Be2 O-O 7. O-O c6 8. h3
Qc7 9. Be3 a6 10. a4 a5 11. Qc2 b6 12. Rac1 Bb7 13. Rfd1 Rac8 14. Qb1 Rfe8 15.
g3 Bf8 16. d5 Nc5 17. Bxc5 bxc5 18. dxc6 Bxc6 19. Qc2 Rb8 20. Nd5 Nxd5 21. cxd5
Bd7 22. Kg2 Qb7 23. Rb1 Qc8 24. h4 Rb4 25. Ra1 Qb7 26. Ra2 Rb8 27. Rd2 g6 28.
Bc4 Bh6 29. Re2 Bg4 30. Qc3 Qd7 31. b3 f5 32. Re1 Rf8 33. Nh2 fxe4 34. Rxe4 Bf5
35. Re1 e4 36. Rae2 Bg7 37. Qe3 Bd4 38. Qg5 Bh3+ 39. Kg1 Rf5 40. Qc1 Qf7 41.
Qc2 Rb8 42. Nf1 Rf8 43. Ne3 Rf3 44. Kh2 Bc8 45. Rf1 Qd7 46. g4 Bxe3 47. Rxe3
Qxg4 48. Qxe4 Rh3+ 0-1

[Event "26.Schlosspark-Open"]
[Site "Wiesbaden-Biebrich"]
[Date "2014.08.31"]
[Round "6.3"]
[White "Kunin, Vitaly"]
[Black "Boidman, Yuri"]
[Result "1/2-1/2"]
[WhiteElo "2575"]
[BlackElo "2384"]
[PlyCount "85"]
[EventDate "2014.??.??"]
[WhiteTeam "Freibauer Mörlenbach-Birkenau"]
[BlackTeam "SC Heimbach-Weis/Neuwied"]

1. d4 d5 2. c4 c6 3. Nf3 Nf6 4. Nc3 e6 5. Qd3 dxc4 6. Qxc4 b5 7. Qd3 a6 8. e4
c5 9. dxc5 Qxd3 10. Bxd3 Bxc5 11. e5 Nd5 12. Nxd5 exd5 13. Ke2 Bg4 14. h3 Bxf3+
15. Kxf3 Nc6 16. Kg3 O-O 17. f4 f6 18. exf6 Rxf6 19. Bd2 Bb4 20. Rad1 Bxd2 21.
Rxd2 Re8 22. Rc1 Re3+ 23. Kh2 Ne7 24. g3 g5 25. Rg1 gxf4 26. gxf4+ Kf7 27. Rg4
h6 28. Kg2 Ke6 29. Re2 Rxe2+ 30. Bxe2 d4 31. Kf3 h5 32. Rg7 Nd5 33. Ra7 Rxf4+
34. Kg2 Ke5 35. Rxa6 Rf8 36. Kg3 Nf4 37. Bxb5 d3 38. Ra7 d2 39. Rd7 Nd5 40. Be2
Rf1 41. Bxh5 d1=Q 42. Bxd1 Rxd1 43. Rb7 1/2-1/2

[Event "26.Schlosspark-Open"]
[Site "Wiesbaden-Biebrich"]
[Date "2014.08.31"]
[Round "6.4"]
[White "Malek, Daniel"]
[Black "Kiese, Matthias"]
[Result "1-0"]
[WhiteElo "2391"]
[BlackElo "2202"]
[PlyCount "91"]
[EventDate "2014.??.??"]
[WhiteTeam "Wiesbadener SV 1885"]
[BlackTeam "Bochumer SV 02"]

1. d4 d5 2. c4 e6 3. Nc3 Nf6 4. cxd5 exd5 5. Bg5 Be7 6. e3 c6 7. Bd3 O-O 8. Qc2
Nbd7 9. Nge2 Re8 10. O-O Nf8 11. f3 Be6 12. Rad1 Rc8 13. Kh1 a6 14. a3 N6d7 15.
Bf4 c5 16. dxc5 Nxc5 17. Bf5 Ncd7 18. Qb1 Qa5 19. Bc2 Nb6 20. e4 Red8 21. Qa1
Nc4 22. exd5 Bd7 23. Bb3 Ng6 24. Bc1 Qb6 25. Qa2 Na5 26. Bc2 Nc4 27. Rd4 Nd6
28. Qb1 Nb5 29. Rd3 Bf5 30. Be3 Qc7 31. Rd2 Bxc2 32. Rxc2 Bd6 33. Rfc1 Qe7 34.
Nxb5 Rxc2 35. Qxc2 axb5 36. Bg1 Qg5 37. Nc3 Rc8 38. Rd1 h5 39. Qf2 f5 40. Nxb5
Bc5 41. Qd2 Nf4 42. Bxc5 Rxc5 43. Nc3 h4 44. d6 Rc4 45. d7 Rd4 46. d8=Q+ 1-0

[Event "26.Schlosspark-Open"]
[Site "Wiesbaden-Biebrich"]
[Date "2014.08.31"]
[Round "6.5"]
[White "Legde, Georg"]
[Black "Hahn, Florian"]
[Result "1-0"]
[WhiteElo "2323"]
[BlackElo "2133"]
[PlyCount "59"]
[EventDate "2014.??.??"]
[WhiteTeam "Freibauer Mörlenbach-Birkenau"]
[BlackTeam "SJ Herborn 1998"]

1. c4 c5 2. g3 Nf6 3. Bg2 Nc6 4. Nc3 b6 5. Nf3 Bb7 6. O-O g6 7. e3 Bg7 8. d4
cxd4 9. Nxd4 O-O 10. b3 a6 11. Bb2 Qc7 12. Nde2 Rac8 13. Rc1 Qb8 14. Qd2 Ba8
15. Nf4 b5 16. Ncd5 Nxd5 17. Nxd5 Bxb2 18. Qxb2 Rfe8 19. f4 d6 20. Rf2 Na5 21.
Bh3 Rc5 22. Nb4 Qb6 23. Nd3 Rc7 24. cxb5 Rxc1+ 25. Qxc1 Qxb5 26. Qc3 Bb7 27.
Rc2 Qh5 28. Nf2 Qf3 29. Qxa5 Qxe3 30. Qd2 1-0

[Event "26.Schlosspark-Open"]
[Site "Wiesbaden-Biebrich"]
[Date "2014.08.31"]
[Round "6.6"]
[White "Nagel, Bernhard"]
[Black "Haag, Martin"]
[Result "0-1"]
[WhiteElo "2204"]
[BlackElo "2307"]
[PlyCount "102"]
[EventDate "2014.??.??"]
[WhiteTeam "Wiesbadener SV 1885"]
[BlackTeam "SC Bonn Beuel"]

1. d4 Nf6 2. Nf3 e6 3. c4 d5 4. g3 c5 5. cxd5 exd5 6. Bg2 Nc6 7. O-O Be7 8. Nc3
O-O 9. Bg5 c4 10. Ne5 Be6 11. f4 h6 12. Bxf6 Bxf6 13. e3 Ne7 14. g4 b5 15. f5
Bc8 16. Qf3 Bb7 17. Qg3 Rb8 18. h4 b4 19. Ne2 c3 20. bxc3 Ba6 21. Rae1 bxc3 22.
Rf2 Nxf5 23. gxf5 Bxh4 24. Qf3 Bxf2+ 25. Qxf2 Rb2 26. Bf1 Qg5+ 27. Kh1 Rc8 28.
f6 Qxf6 29. Qxf6 gxf6 30. Nxc3 fxe5 31. Na4 Bxf1 32. Nxb2 Bb5 33. dxe5 Rc2 34.
Rg1+ Kh7 35. Rg2 Rxg2 36. Kxg2 Kg6 37. Nd1 Kf5 38. Kf3 Kxe5 39. Nf2 h5 40. a3
Bf1 41. Kg3 Be2 42. Nh3 f6 43. Nf4 Bg4 44. Ng6+ Ke4 45. Kf2 a5 46. Ne7 h4 47.
Nc6 a4 48. Nb4 Bc8 49. Na2 d4 50. exd4 Kxd4 51. Nb4 Bb7 0-1

[Event "26.Schlosspark-Open"]
[Site "Wiesbaden-Biebrich"]
[Date "2014.08.31"]
[Round "6.7"]
[White "Koch, Markus"]
[Black "Rafiee, Makan"]
[Result "1/2-1/2"]
[WhiteElo "2143"]
[BlackElo "2258"]
[PlyCount "42"]
[EventDate "2014.??.??"]
[WhiteTeam "SC Brett vorm Kopp Ffm"]
[BlackTeam "Kasseler SK 1876"]

1. d4 Nf6 2. c4 c5 3. d5 e6 4. Nc3 exd5 5. cxd5 d6 6. g3 g6 7. Bg2 Bg7 8. Nf3
O-O 9. O-O a6 10. a4 Re8 11. Nd2 Nbd7 12. h3 Rb8 13. Nc4 Ne5 14. Na3 Nh5 15. e4
f5 16. exf5 Bxf5 17. g4 Bxg4 18. hxg4 Qh4 19. gxh5 Ng4 20. Bf4 Be5 21. Qf3 Nh2
1/2-1/2

[Event "26.Schlosspark-Open"]
[Site "Wiesbaden-Biebrich"]
[Date "2014.08.31"]
[Round "6.8"]
[White "Krenz, Valeriy"]
[Black "Thybo, Jesper Sondergaard"]
[Result "1-0"]
[WhiteElo "2242"]
[BlackElo "2121"]
[PlyCount "183"]
[EventDate "2014.??.??"]
[WhiteTeam "SAbt TuS Dotzheim"]
[BlackTeam "Skive Skak Klub"]

1. d4 Nf6 2. Bg5 e6 3. e3 Be7 4. c4 c5 5. Nc3 O-O 6. Nf3 b6 7. d5 d6 8. e4 Nbd7
9. Bf4 exd5 10. exd5 Re8 11. Be2 Bf8 12. O-O Ng4 13. Ng5 Nge5 14. Nge4 Nf6 15.
Nxf6+ Qxf6 16. Qd2 Qg6 17. Kh1 a6 18. Rfe1 Rb8 19. Bf1 Bd7 20. a4 Qh5 21. a5
bxa5 22. Rxa5 Rxb2 23. Qxb2 Nxc4 24. Rxe8 Nxb2 25. Rd8 Qh4 26. Rxf8+ Kxf8 27.
Bxd6+ Ke8 28. Bxc5 Bc8 29. Ra2 Qf6 30. Ne4 Qf4 31. Ng3 Na4 32. Re2+ Kd8 33. Re4
Qc1 34. Be7+ Kd7 35. Bf8 Nc3 36. Rc4 Qe1 37. Bb4 Qb1 38. Bxc3 a5 39. Bxa5 Ba6
40. Rc7+ Ke8 41. Kg1 Bxf1 42. Nxf1 Qb5 43. Bc3 Qxd5 44. Bxg7 Qg5 45. Bd4 Qf4
46. Bb6 Qf6 47. Be3 Qe5 48. Ra7 Qe4 49. g3 Qe5 50. h4 Qd5 51. Bg5 Qc6 52. Ne3
Qc1+ 53. Kh2 Qc6 54. Nf5 f6 55. Bf4 Qc2 56. Nd6+ Kd8 57. Nf7+ Ke8 58. Nd6+ Kd8
59. Be3 Qc6 60. Nf5 Qe6 61. Ng7 Qd5 62. h5 Qc6 63. Nf5 Qf3 64. Bb6+ Ke8 65.
Ng7+ Kf8 66. Ne6+ Kg8 67. Nf4 Qe4 68. Bc5 Qc6 69. Be3 Qe4 70. h6 Qf5 71. Rg7+
Kf8 72. Rc7 Ke8 73. Bc5 Kd8 74. Bb6 Ke8 75. Rc5 Qd7 76. Rd5 Qc6 77. Bd4 Qc3 78.
Rd6 Qd2 79. Bc5 Qc2 80. Bd4 Qd2 81. Kg2 f5 82. Bc5 Qc2 83. Re6+ Kf7 84. Bd4 Qd2
85. Be5 Qc2 86. Rf6+ Ke7 87. Re6+ Kf7 88. Bd6 Qc6+ 89. Kh2 Kg8 90. Ba3 Qc2 91.
Re8+ Kf7 92. Rf8# 1-0

[Event "26.Schlosspark-Open"]
[Site "Wiesbaden-Biebrich"]
[Date "2014.08.31"]
[Round "6.9"]
[White "Baskin, Robert"]
[Black "Sergin, Mark"]
[Result "1/2-1/2"]
[WhiteElo "2152"]
[BlackElo "2240"]
[PlyCount "34"]
[EventDate "2014.??.??"]
[WhiteTeam "SAbt TuS Makkabi Ffm"]
[BlackTeam "Kasseler SK 1876"]

1. e4 d5 2. exd5 Qxd5 3. Nc3 Qd6 4. d4 Nf6 5. Nf3 a6 6. Bd3 g6 7. O-O Bg7 8.
Ne4 Nxe4 9. Bxe4 O-O 10. c3 Nd7 11. Re1 c5 12. Be3 Qc7 13. dxc5 Nxc5 14. Bc2 e5
15. Qd5 Ne6 16. Rad1 Rd8 17. Qb3 Rxd1 1/2-1/2

[Event "26.Schlosspark-Open"]
[Site "Wiesbaden-Biebrich"]
[Date "2014.08.31"]
[Round "6.10"]
[White "Everett, Elijah"]
[Black "De Visser, Leon"]
[Result "0-1"]
[WhiteElo "2049"]
[BlackElo "2204"]
[PlyCount "44"]
[EventDate "2014.??.??"]
[WhiteTeam "SF Schöneck"]
[BlackTeam "SC Brett vorm Kopp Ffm"]

1. e4 c6 2. d4 d5 3. exd5 cxd5 4. c4 Nf6 5. Nc3 Nc6 6. Nf3 Bg4 7. Qb3 Bxf3 8.
gxf3 Nxd4 9. Qd1 dxc4 10. Be3 Nc6 11. Bxc4 Qxd1+ 12. Rxd1 a6 13. Ke2 e6 14. Ne4
Rd8 15. Rxd8+ Nxd8 16. Rd1 Nc6 17. Nd6+ Bxd6 18. Rxd6 Nd7 19. Bg5 h6 20. Bh4 g5
21. Bg3 Ke7 22. Rd2 e5 0-1

[Event "26.Schlosspark-Open"]
[Site "Wiesbaden-Biebrich"]
[Date "2014.08.31"]
[Round "6.11"]
[White "Schaack, Harry"]
[Black "Bingert, Tim Niklas"]
[Result "0-1"]
[WhiteElo "2218"]
[BlackElo "2120"]
[PlyCount "114"]
[EventDate "2014.??.??"]
[WhiteTeam "SF Schöneck"]
[BlackTeam "SV 1920 Hofheim"]

1. e4 e5 2. Nf3 Nc6 3. Bc4 Bc5 4. c3 Nf6 5. d3 O-O 6. O-O d6 7. Re1 Ne7 8. Nbd2
Ng6 9. Nf1 c6 10. Bb3 h6 11. Ng3 Re8 12. h3 d5 13. d4 exd4 14. e5 Ne4 15. cxd4
Nxg3 16. fxg3 Bb6 17. Kh1 Be6 18. Be3 Rc8 19. Rc1 Qd7 20. Qd2 Rc7 21. g4 Qe7
22. Bc2 a5 23. a3 Ra8 24. g5 h5 25. b4 Nf8 26. Nh4 g6 27. Rf1 Rcc8 28. Rb1 axb4
29. axb4 Ra2 30. Qd1 Rca8 31. Rf6 Kg7 32. Bxg6 fxg6 33. Nxg6 Nxg6 34. Qxh5 Bf7
35. Qh6+ Kg8 36. Rbf1 Ra1 37. Bc1 Bxd4 38. e6 Be8 39. Rxg6+ Bxg6 40. Qxg6+ Qg7
41. Qc2 R8a2 42. Qd1 Rf2 43. Re1 Be3 44. h4 Rxc1 45. e7 Qxe7 46. Qxc1 Bxc1 47.
Rxe7 Rf7 48. Re8+ Kg7 49. Kh2 Rd7 50. Kg3 d4 51. Kf2 d3 52. Ke1 Bf4 53. Kd1 Rd4
54. Re7+ Kg6 55. Rxb7 Rc4 56. Ke1 Rc1+ 57. Kf2 d2 0-1

[Event "26.Schlosspark-Open"]
[Site "Wiesbaden-Biebrich"]
[Date "2014.08.31"]
[Round "6.12"]
[White "Minor, Samuel"]
[Black "Hain, Gunter"]
[Result "1-0"]
[WhiteElo "2229"]
[BlackElo "2047"]
[PlyCount "137"]
[EventDate "2014.??.??"]
[WhiteTeam "Wiesbadener SV 1885"]
[BlackTeam "SK Frankenthal"]

1. e4 d5 2. exd5 Qxd5 3. Nc3 Qa5 4. d4 Nf6 5. Bc4 Bf5 6. Nge2 e6 7. O-O c6 8.
Ng3 Bd6 9. Nxf5 Qxf5 10. Bd3 Qg4 11. Qxg4 Nxg4 12. h3 Nf6 13. Ne4 Nxe4 14. Bxe4
Nd7 15. c4 O-O-O 16. Be3 f5 17. Bc2 f4 18. Bd2 e5 19. c5 Bc7 20. Bc3 exd4 21.
Bxd4 Be5 22. Rad1 g6 23. Rfe1 Bxd4 24. Rxd4 Nxc5 25. Rxf4 Rd2 26. Rc4 Nd3 27.
Bxd3 Rxd3 28. Re7 Rd1+ 29. Kh2 Rd7 30. Rxd7 Kxd7 31. Rh4 h5 32. Rd4+ Ke6 33.
Kg3 Rf8 34. Re4+ Kd6 35. Rf4 Rxf4 36. Kxf4 Ke6 37. g4 hxg4 38. hxg4 Kf6 39. f3
c5 40. a4 b6 41. Ke4 Kg5 42. b3 a6 43. Kd5 Kf4 44. Kc6 Kxf3 45. g5 Kf4 46. Kxb6
Kxg5 47. Kxa6 Kf5 48. Kb5 g5 49. Kxc5 g4 50. Kd4 Kf4 51. Kd3 Kf3 52. a5 g3 53.
a6 g2 54. a7 g1=Q 55. a8=Q+ Kf4 56. Qe4+ Kg5 57. Qe3+ Qxe3+ 58. Kxe3 Kf5 59.
Kd4 Ke6 60. Kc5 Kd7 61. Kb6 Kc8 62. Ka5 Kb7 63. Kb5 Ka7 64. Kc6 Kb8 65. b4 Ka7
66. b5 Kb8 67. Kb6 Ka8 68. Kc7 Ka7 69. b6+ 1-0

[Event "26.Schlosspark-Open"]
[Site "Wiesbaden-Biebrich"]
[Date "2014.08.31"]
[Round "6.13"]
[White "Seickel, Ralf"]
[Black "Hahn, Markus"]
[Result "0-1"]
[WhiteElo "2073"]
[BlackElo "2221"]
[PlyCount "94"]
[EventDate "2014.??.??"]
[WhiteTeam "vereinslos"]
[BlackTeam "Kasseler SK 1876"]

1. e4 c5 2. Nf3 e6 3. d4 cxd4 4. Nxd4 a6 5. c4 Nf6 6. Nc3 Qc7 7. Be3 Bb4 8. Qd3
Qe5 9. f3 d5 10. exd5 exd5 11. Kf2 O-O 12. Nc2 Bf5 13. Qd4 Bxc3 14. bxc3 Nc6
15. Qxe5 Nxe5 16. Nd4 Bd3 17. cxd5 Nxd5 18. Bd2 Rac8 19. f4 Nc4 20. Bxd3 Nxd2
21. Rad1 Nc4 22. g3 Nxc3 23. Rc1 Nd6 24. Rc2 Nd5 25. Nf5 Rxc2+ 26. Bxc2 Rc8 27.
Bb1 Nxf5 28. Bxf5 Rc5 29. Rd1 Kf8 30. Kf3 b5 31. Be4 Nc3 32. Rd6 Nxe4 33. Kxe4
Rc4+ 34. Kd5 Ra4 35. Kc6 Rxa2 36. Rd8+ Ke7 37. Rd7+ Kf6 38. Rd6+ Kf5 39. Rd5+
Kg6 40. Kb6 f6 41. f5+ Kh6 42. Rd4 g6 43. Rh4+ Kg7 44. g4 Ra3 45. Kc5 g5 46.
Rh5 h6 47. h4 Rh3 0-1

[Event "26.Schlosspark-Open"]
[Site "Wiesbaden-Biebrich"]
[Date "2014.08.31"]
[Round "6.14"]
[White "Berberich, Christoph"]
[Black "Pioch, Thomas"]
[Result "1/2-1/2"]
[WhiteElo "2056"]
[BlackElo "2160"]
[PlyCount "38"]
[EventDate "2014.??.??"]
[WhiteTeam "SK Freiburg Zähringen 1887 e.V."]
[BlackTeam "Sfr.Mainz 1928"]

1. d4 e6 2. e4 d5 3. exd5 exd5 4. Nf3 Nf6 5. c4 Bb4+ 6. Nc3 O-O 7. cxd5 Nxd5 8.
Bd2 Nc6 9. Be2 Nb6 10. Be3 Be6 11. Ng5 Bf5 12. Nf3 h6 13. O-O a6 14. Rc1 Re8
15. d5 Ne7 16. Bxb6 cxb6 17. Qb3 Bd6 18. Nd4 Bg6 19. Bf3 b5 1/2-1/2

[Event "26.Schlosspark-Open"]
[Site "Wiesbaden-Biebrich"]
[Date "2014.08.31"]
[Round "6.16"]
[White "Kolker, Vladislav"]
[Black "Keller, Peter"]
[Result "0-1"]
[WhiteElo "2021"]
[BlackElo "2110"]
[PlyCount "66"]
[EventDate "2014.??.??"]
[WhiteTeam "SC Bad Nauheim"]
[BlackTeam "Sabt Frankfurter TV 1860"]

1. e4 e5 2. Nf3 Nc6 3. d4 exd4 4. Bc4 Nf6 5. e5 Ng4 6. Bf4 d6 7. Qe2 Ngxe5 8.
Bb5 Be7 9. Nxd4 O-O 10. Nxc6 Nxc6 11. Bd3 Re8 12. Nc3 Bg5 13. Be3 Bxe3 14. fxe3
Qg5 15. e4 Qc5 16. O-O-O Ne5 17. h3 c6 18. Rhf1 Be6 19. Qf2 Qa5 20. Qd4 Red8
21. a3 b5 22. Qb4 Qc7 23. Nb1 a5 24. Qe1 Rab8 25. Nd2 c5 26. Nf3 Nxf3 27. Rxf3
c4 28. Bf1 b4 29. axb4 axb4 30. Qe3 Qa5 31. Qd4 d5 32. e5 Rdc8 33. c3 Qa1+ 0-1

[Event "26.Schlosspark-Open"]
[Site "Wiesbaden-Biebrich"]
[Date "2014.08.31"]
[Round "6.17"]
[White "Muuss, Klaus"]
[Black "Frey, Thomas"]
[Result "1-0"]
[WhiteElo "2012"]
[BlackElo "2089"]
[PlyCount "89"]
[EventDate "2014.??.??"]
[WhiteTeam "VSF Flintbek"]
[BlackTeam "SV Reutlingen"]

1. e4 e6 2. d4 d5 3. Nc3 Nf6 4. Bg5 Bb4 5. e5 h6 6. Bd2 Bxc3 7. bxc3 Ne4 8. Qg4
g6 9. Qf4 c5 10. Bd3 Nxd2 11. Qxd2 Qa5 12. Nf3 Nc6 13. O-O cxd4 14. Qf4 dxc3
15. Qf6 Rg8 16. Rfb1 a6 17. Qf4 g5 18. Qf6 g4 19. Bh7 Rf8 20. Nh4 Qd8 21. Qxh6
Nxe5 22. Re1 f6 23. Ng6 Nxg6 24. Qxg6+ Ke7 25. Qxg4 Rh8 26. Bf5 e5 27. Qg7+ Kd6
28. Bxc8 Rxc8 29. Qxb7 Rc6 30. Rab1 Qc7 31. Qb4+ Rc5 32. Qg4 Rc4 33. Qf5 Rh6
34. Rxe5 fxe5 35. Qf8+ Kc6 36. Qxh6+ Kc5 37. Qxa6 Kd4 38. Rd1+ Kc5 39. Qa3+ Kc6
40. Qa8+ Qb7 41. Qe8+ Kd6 42. Qf8+ Ke6 43. Qh6+ Kf5 44. f3 e4 45. g4+ 1-0

[Event "26.Schlosspark-Open"]
[Site "Wiesbaden-Biebrich"]
[Date "2014.08.31"]
[Round "6.18"]
[White "Hebbering, Tom Elliot"]
[Black "Bietz, Fabian"]
[Result "1-0"]
[WhiteElo "2065"]
[BlackElo "2024"]
[PlyCount "75"]
[EventDate "2014.??.??"]
[WhiteTeam "SJ Herborn 1998"]
[BlackTeam "SJ Herborn 1998"]

1. d4 Nf6 2. Nf3 e6 3. c4 Bb4+ 4. Bd2 Bxd2+ 5. Qxd2 d5 6. e3 O-O 7. Bd3 Nbd7 8.
Nc3 c5 9. cxd5 cxd4 10. Nxd4 Nxd5 11. Nxd5 exd5 12. O-O Nf6 13. h3 Be6 14. Qb4
Qd7 15. Rfd1 a6 16. Ne2 Rac8 17. Nc3 Rc6 18. Qh4 h6 19. Be2 Qc7 20. Rd4 b5 21.
Rad1 Qe5 22. Qf4 Qxf4 23. Rxf4 Rd6 24. Rfd4 Rfd8 25. Bf3 R6d7 26. R1d2 Kf8 27.
a4 bxa4 28. Rxa4 Rd6 29. Ra5 Ke7 30. Kf1 Bc8 31. Nxd5+ Nxd5 32. Raxd5 Rxd5 33.
Rxd5 Rxd5 34. Bxd5 Bd7 35. Bc4 Bb5 36. Bxb5 axb5 37. Ke2 Kd6 38. b4 1-0

[Event "26.Schlosspark-Open"]
[Site "Wiesbaden-Biebrich"]
[Date "2014.08.31"]
[Round "6.19"]
[White "Kiefer, Daniel"]
[Black "Machlin, Maxim"]
[Result "1-0"]
[WhiteElo "2263"]
[BlackElo "2009"]
[PlyCount "67"]
[EventDate "2014.??.??"]
[WhiteTeam "Sfr.Mainz 1928"]
[BlackTeam "Biebertaler SF"]

1. e4 Nf6 2. e5 Nd5 3. d4 d6 4. Nf3 dxe5 5. Nxe5 c6 6. Be2 Nd7 7. Nf3 N7f6 8.
O-O Bg4 9. Ne5 Bxe2 10. Qxe2 e6 11. b3 Be7 12. c4 Nf4 13. Bxf4 Qxd4 14. Bd2 Ne4
15. Nf3 Qxa1 16. Qxe4 Qxa2 17. Nc3 Qa3 18. h4 Bf6 19. Qf4 Rd8 20. Ne4 Qe7 21.
Nxf6+ Qxf6 22. Qe3 a6 23. Bb4 Qf5 24. Ne5 Qh5 25. g3 Rd1 26. Qa7 Rxf1+ 27. Kxf1
Qxe5 28. Qa8+ Kd7 29. Qxh8 a5 30. Bf8 Qe4 31. Qxg7 Qd3+ 32. Kg2 Qe4+ 33. Kh2
Ke8 34. Bc5 1-0

[Event "26.Schlosspark-Open"]
[Site "Wiesbaden-Biebrich"]
[Date "2014.08.31"]
[Round "6.20"]
[White "Schmitt, Carsten"]
[Black "Mager, Denis"]
[Result "1/2-1/2"]
[WhiteElo "1984"]
[BlackElo "2152"]
[PlyCount "96"]
[EventDate "2014.??.??"]
[WhiteTeam "SV Bergwinkel"]
[BlackTeam "SAbt TuS Makkabi Ffm"]

1. c4 Nf6 2. g3 c6 3. Bg2 d5 4. Nf3 Bg4 5. Ne5 Be6 6. cxd5 Bxd5 7. Nf3 c5 8.
O-O e6 9. Nc3 Bc6 10. d4 Nbd7 11. Re1 cxd4 12. Nxd4 Bxg2 13. Kxg2 Bb4 14. Ndb5
O-O 15. a3 Be7 16. h3 a6 17. Nd4 Qc7 18. e4 Rfd8 19. Qe2 Nc5 20. Rd1 Rac8 21.
Rb1 e5 22. Nf5 Bf8 23. Bg5 Rxd1 24. Rxd1 Qc6 25. Nd5 Nxd5 26. exd5 Qd7 27. Qg4
Kh8 28. Be7 f6 29. Kh2 Re8 30. d6 Ne6 31. Rc1 Bxe7 32. Rc7 Qd8 33. Rxe7 g6 34.
Qh4 Ng5 35. Qh6 Rg8 36. h4 Qb6 37. Kg1 Nh3+ 38. Kg2 Qxf2+ 39. Kxh3 Qxf5+ 40.
Kg2 g5 41. h5 e4 42. d7 Qf3+ 43. Kh2 Qe2+ 44. Kh1 Qd1+ 45. Kh2 Qc2+ 46. Kh1
Qc1+ 47. Kh2 Qc2+ 48. Kh1 Qc1+ 1/2-1/2

[Event "26.Schlosspark-Open"]
[Site "Wiesbaden-Biebrich"]
[Date "2014.08.31"]
[Round "6.22"]
[White "Keymer, Vincent"]
[Black "Zimmer, Gerald"]
[Result "1-0"]
[WhiteElo "2036"]
[BlackElo "1975"]
[PlyCount "67"]
[EventDate "2014.??.??"]
[WhiteTeam "SK Gau-Algesheim"]
[BlackTeam "SC Bergen-Enkheim 1922"]

1. d4 e6 2. c4 Nf6 3. Nc3 Bb4 4. Qc2 c5 5. Nf3 Nc6 6. e3 O-O 7. Bd3 d5 8. cxd5
exd5 9. a3 cxd4 10. exd4 Re8+ 11. Be3 Bxc3+ 12. bxc3 Bg4 13. Nd2 Na5 14. O-O h6
15. Rab1 b6 16. h3 Bc8 17. Bf4 Nc6 18. Rfe1 Rxe1+ 19. Rxe1 Be6 20. Nf3 Nd7 21.
Qa4 Na5 22. Bb1 Rc8 23. Qc2 Nf8 24. Ne5 Nc4 25. Nxc4 Rxc4 26. Re3 h5 27. Rg3 g6
28. Qc1 Kh7 29. Bg5 Qc8 30. Rf3 Qc7 31. Bf6 Qc8 32. Qg5 Bg4 33. hxg4 Qxg4 34.
Qxd5 1-0

[Event "26.Schlosspark-Open"]
[Site "Wiesbaden-Biebrich"]
[Date "2014.08.31"]
[Round "6.23"]
[White "Stimpel, Franz"]
[Black "Ottway, Christopher"]
[Result "1/2-1/2"]
[WhiteElo "2124"]
[BlackElo "1951"]
[PlyCount "44"]
[EventDate "2014.??.??"]
[WhiteTeam "Wiesbadener SV 1885"]
[BlackTeam "Biebertaler SF"]

1. d4 g6 2. c4 Bg7 3. e4 d6 4. Ne2 e5 5. Be3 Nc6 6. Qd2 h5 7. Nbc3 Nh6 8. f3 f5
9. dxe5 Nxe5 10. Nd4 c5 11. Ndb5 Nhf7 12. O-O-O Be6 13. Nd5 O-O 14. Nbc7 Bxd5
15. Nxd5 fxe4 16. fxe4 Ng4 17. Kb1 Nxe3 18. Qxe3 Ne5 19. Be2 Nc6 20. Rhf1 Qd7
21. Rxf8+ Rxf8 22. Rf1 Rxf1+ 1/2-1/2

[Event "26.Schlosspark-Open"]
[Site "Wiesbaden-Biebrich"]
[Date "2014.08.31"]
[Round "6.24"]
[White "Holzschuh, Gerald"]
[Black "Frömbgen, Andreas"]
[Result "1/2-1/2"]
[WhiteElo "2113"]
[BlackElo "1953"]
[PlyCount "91"]
[EventDate "2014.??.??"]
[WhiteTeam "SC Bad Nauheim"]
[BlackTeam "SK Gau-Algesheim"]

1. e4 d6 2. d4 Nf6 3. Nc3 e5 4. Bc4 exd4 5. Qxd4 Be7 6. h3 Nc6 7. Qe3 O-O 8.
Nf3 a6 9. O-O Bd7 10. Nd5 Nxd5 11. exd5 Na5 12. Bd3 Bb5 13. Bd2 Bxd3 14. Qxd3
c5 15. dxc6 Nxc6 16. Rad1 Qc7 17. Ng5 g6 18. Ne4 Rad8 19. Qd5 Ne5 20. Bh6 Rfe8
21. f4 Nc4 22. b3 Qb6+ 23. Qd4 Qxd4+ 24. Rxd4 Ne3 25. Bg5 Bxg5 26. fxg5 Rxe4
27. Rxe4 Nxf1 28. Kxf1 Kf8 29. c4 b6 30. Ke2 Re8 31. Kd3 Re6 32. Kd4 Ke7 33.
Kd5 Kd7 34. b4 b5 35. cxb5 axb5 36. Rf4 Re5+ 37. Kd4 Rxg5 38. Rxf7+ Kc6 39. g4
h5 40. Rf4 Rd5+ 41. Kc3 Re5 42. Rf3 hxg4 43. hxg4 Re4 44. Rg3 g5 45. Kb3 d5 46.
Rc3+ 1/2-1/2

[Event "26.Schlosspark-Open"]
[Site "Wiesbaden-Biebrich"]
[Date "2014.08.31"]
[Round "6.25"]
[White "Busche, Stefan"]
[Black "Schwarz, Eduard"]
[Result "1/2-1/2"]
[WhiteElo "2108"]
[BlackElo "1928"]
[PlyCount "219"]
[EventDate "2014.??.??"]
[WhiteTeam "SVG Saarbrücken 1970 e.V."]
[BlackTeam "SG Turm Idstein"]

1. e4 e5 2. Nf3 Nc6 3. Bb5 Nge7 4. O-O a6 5. Ba4 d6 6. c3 Bd7 7. Re1 g6 8. d4
Bg7 9. d5 Nb8 10. c4 O-O 11. Nc3 Bg4 12. Qd3 Nd7 13. Bxd7 Bxd7 14. b4 f5 15. c5
fxe4 16. Nxe4 Nf5 17. Bg5 Qb8 18. Rac1 h6 19. Bd2 Qd8 20. Qb3 Kh7 21. cxd6 cxd6
22. a4 Qe8 23. b5 axb5 24. axb5 Bxb5 25. Rc7 Ba4 26. Qb4 Qb5 27. Rxb7 Qd3 28.
Nxd6 Qxd5 29. Nxf5 Rxf5 30. Qe7 Rg8 31. Rb4 Bc6 32. Rh4 h5 33. Rh3 Rxf3 34.
Rxf3 Qxd2 35. Rfe3 Kh8 36. Qe6 Be8 37. h3 Qd7 38. Qa6 Rf8 39. Rd3 Qf5 40. Rf3
Qg5 41. Rxf8+ Bxf8 42. Qe6 Bb5 43. Rxe5 Qc1+ 44. Re1 Qc6 45. Qxc6 Bxc6 46. Re6
Bd7 47. Rxg6 Kh7 48. Ra6 Bg7 49. Rd6 Bb5 50. g4 hxg4 51. hxg4 Be2 52. g5 Bf3
53. Rd3 Be4 54. Re3 Bd5 55. Re7 Kg6 56. f4 Bb2 57. Kf2 Kf5 58. Kg3 Be6 59. Re8
Ba3 60. g6 Bd6 61. g7 Bxf4+ 62. Kf3 Bd5+ 63. Kf2 Be5 64. g8=Q Bxg8 65. Rxg8 Ke6
66. Ke3 Kd7 67. Ke4 Bh2 68. Kd5 Kc7 69. Rh8 Bg3 70. Rf8 Kb7 71. Kc5 Bh2 72. Kb5
Bg3 73. Rf7+ Ka8 74. Kb6 Bh2 75. Rg7 Bf4 76. Rg4 Be3+ 77. Kc7 Bc5 78. Rg5 Be3
79. Rb5 Bf4+ 80. Kc6 Bb8 81. Rf5 Bg3 82. Rg5 Bf4 83. Rg4 Bh2 84. Kb6 Be5 85.
Re4 Bg3 86. Ra4+ Kb8 87. Ra2 Bc7+ 88. Kc6 Bf4 89. Rf2 Bg3 90. Rf3 Bh2 91. Rf7
Ka8 92. Kd7 Bg3 93. Kc8 Bb8 94. Rf5 Ba7 95. Rb5 Bf2 96. Rb3 Ba7 97. Kc7 Bf2 98.
Rb8+ Ka7 99. Rb3 Ka8 100. Ra3+ Ba7 101. Rf3 Bb8+ 102. Kb6 Ba7+ 103. Ka6 Bb8
104. Rf7 Bg3 105. Ra7+ Kb8 106. Rg7 Bf2 107. Rg8+ Kc7 108. Re8 Bg1 109. Re4 Bf2
110. Re2 1/2-1/2

[Event "26.Schlosspark-Open"]
[Site "Wiesbaden-Biebrich"]
[Date "2014.08.31"]
[Round "6.26"]
[White "Martin, Reiner"]
[Black "Barpiyeva, Gulsana"]
[Result "1/2-1/2"]
[WhiteElo "1981"]
[BlackElo "2098"]
[PlyCount "73"]
[EventDate "2014.??.??"]
[WhiteTeam "SC Bad Soden"]
[BlackTeam "SC Brett vorm Kopp Ffm"]

1. d4 Nf6 2. c4 c5 3. d5 b5 4. cxb5 a6 5. f3 d6 6. e4 g6 7. Nc3 Bg7 8. Qb3 axb5
9. Bxb5+ Nbd7 10. Nge2 O-O 11. O-O Ba6 12. a4 Qc7 13. Be3 Rfb8 14. Kh1 Ne5 15.
Rfd1 Nfd7 16. Qc2 Nc4 17. Bg1 Na5 18. Bxa6 Rxa6 19. Nb5 Qd8 20. Rab1 Rc8 21.
Rdc1 Nb6 22. b4 Nb7 23. Nbc3 cxb4 24. Rxb4 Nc5 25. Qd1 Qd7 26. a5 Na8 27. Nd4
Rxa5 28. Nc6 Ra3 29. Bd4 Bxd4 30. Nxd4 Na6 31. Rb3 Rxb3 32. Qxb3 Nc5 33. Qd1
Nb6 34. Nc6 Ra8 35. Rb1 Nc8 36. h3 h6 37. Qd4 1/2-1/2